Vplyv cestovného ruchu na ekonomický rozvoj v čase globálnej hospodárskej krízy

Cestovný ruch ako významná zložka rozvoja ekonomiky mnohých krajín. Faktory rozvoja cestovného ruchu a jeho vplyvu na ekonomický rast v čase hospodárskej krízy. Trendy v cestovnom ruchu v podmienkach globálnej hospodárskej krízy.

Enregistré dans:
Détails bibliographiques
Auteur principal: Bojová, Dominika
Autres auteurs: Vačková, Andrea
Format: Chapitre de livre
Langue:slovaque
Sujets:
Tags: Ajouter un tag
Pas de tags, Soyez le premier à ajouter un tag!

MARC

LEADER 00000naa$a2200000$$$4500
001 0103039
005 20240502072123.7
041 0 |a slo 
044 |a SK 
245 1 0 |a Vplyv cestovného ruchu na ekonomický rozvoj v čase globálnej hospodárskej krízy  |c Dominika Bojová, Andrea Vačková 
520 |a Cestovný ruch ako významná zložka rozvoja ekonomiky mnohých krajín. Faktory rozvoja cestovného ruchu a jeho vplyvu na ekonomický rast v čase hospodárskej krízy. Trendy v cestovnom ruchu v podmienkach globálnej hospodárskej krízy. 
610 2 0 |a ruch cestovný 
610 2 0 |a rast hospodársky 
610 2 0 |a kríza hospodárska 
610 2 0 |a sily pracovné 
610 2 0 |a rozvoj trvalo udržateľný 
610 2 0 |a príroda 
610 2 0 |a investície 
610 2 0 |a služby 
610 2 0 |a doprava letecká 
610 2 0 |a kúpeľníctvo 
100 1 |a Bojová, Dominika 
700 1 |a Vačková, Andrea